[Event "HUN-chT2 Asztalos 1617"]
[Site "Hungary"]
[Date "2016.11.27"]
[Round "5.7"]
[White "Fehervari, Istvan"]
[Black "Peregi, Zsolt"]
[Result "1-0"]
[WhiteElo "1955"]
[BlackElo "1922"]
[PlyCount "91"]
[EventDate "2016.09.25"]
[EventType "team-tourn"]
[EventRounds "11"]
[EventCountry "HUN"]
[SourceTitle "EXT 2021"]
[Source "ChessBase"]
[SourceDate "2020.10.23"]
[SourceVersion "1"]
[SourceVersionDate "2020.10.23"]
[SourceQuality "1"]
[WhiteTeam "Fehervar"]
[BlackTeam "Szentlorinc"]
[WhiteTeamCountry "HUN"]
[BlackTeamCountry "HUN"]

1. d4 Nf6 2. Nf3 g6 3. c4 Bg7 4. Nc3 d5 5. Qb3 dxc4 6. Qxc4 a6 7. e4 b5 8. Qd3 0-0 9. Be2 Bb7 10. a3 Nfd7 11. Be3 Nb6 12. b3 N8d7 13. 0-0 Rc8 14. Rad1 c6 15. e5 Qc7 16. Ne4 Rfd8 17. Qb1 Nd5 18. Bd2 Qb8 19. b4 Nf8 20. Nc5 f6 21. Qe4 fxe5 22. Nxe5 Nf6 23. Qh4 N8d7 24. Ne6 Nxe5 25. Nxd8 Rxd8 26. Bf4 Nd5 27. Bxe5 Bxe5 28. dxe5 Qxe5 29. Bf3 Re8 30. Rfe1 Qd6 31. Rd2 e6 32. Qg3 Qd7 33. h4 Qf7 34. h5 Qf6 35. hxg6 hxg6 36. Re5 Kf7 37. Rd4 Kg7 38. Bh5 Ne7 39. Rg4 Rh8 40. Bxg6 Nxg6 41. Rxg6+ Qxg6 42. Rg5 Qxg5 43. Qxg5+ Kf7 44. Qf4+ Kg6 45. Qd6 Re8 46. Qd7 1-0

[Event "HUN-chT2 Asztalos 1516"]
[Site "Hungary"]
[Date "2016.02.28"]
[Round "8.9"]
[White "Brindza, Istvan"]
[Black "Peregi, Zsolt"]
[Result "1/2-1/2"]
[WhiteElo "1962"]
[BlackElo "1926"]
[PlyCount "33"]
[EventDate "2015.09.13"]
[EventType "team-tourn"]
[EventRounds "11"]
[EventCountry "HUN"]
[SourceTitle "EXT 2017"]
[Source "ChessBase"]
[SourceDate "2016.10.25"]
[SourceVersion "1"]
[SourceVersionDate "2016.10.25"]
[SourceQuality "1"]
[WhiteTeam "Baja Spartacus"]
[BlackTeam "Szentlorinc"]
[WhiteTeamCountry "HUN"]
[BlackTeamCountry "HUN"]

1. d4 Nf6 2. c4 g6 3. Nc3 d5 4. cxd5 Nxd5 5. g3 Bg7 6. Bg2 Nxc3 7. bxc3 c5 8. e3 0-0 9. Qb3 Nc6 10. Ne2 cxd4 11. cxd4 e5 12. dxe5 Nxe5 13. Nd4 Qa5+ 14. Bd2 Qa6 15. Bf1 Qf6 16. Bg2 Qa6 17. Bf1 1/2-1/2

[Event "HUN-chT2 Asztalos 1516"]
[Site "Hungary"]
[Date "2015.11.08"]
[Round "4.8"]
[White "Peregi, Zsolt"]
[Black "Mezei, Szilard"]
[Result "1/2-1/2"]
[WhiteElo "1922"]
[BlackElo "1756"]
[PlyCount "58"]
[EventDate "2015.09.13"]
[EventType "team-tourn"]
[EventRounds "11"]
[EventCountry "HUN"]
[SourceTitle "CBM 170 Extra"]
[Source "ChessBase"]
[SourceDate "2016.02.25"]
[SourceVersion "1"]
[SourceVersionDate "2016.02.25"]
[SourceQuality "1"]
[WhiteTeam "Szentlorinc"]
[BlackTeam "Kiraly Sakk"]
[WhiteTeamCountry "HUN"]
[BlackTeamCountry "HUN"]

1. e4 e5 2. Nf3 Nf6 3. Nxe5 d6 4. Nf3 Nxe4 5. Nc3 Nf6 6. d4 d5 7. Bd3 c6 8. h3 Bd6 9. Bg5 0-0 10. 0-0 Nbd7 11. Qd2 Qc7 12. Rfe1 b5 13. Nd1 a5 14. Ne3 Bf4 15. Bxf4 Qxf4 16. Qc3 c5 17. dxc5 b4 18. Qd4 Qxd4 19. Nxd4 Nxc5 20. Bb5 Bd7 21. Bxd7 Ncxd7 22. Rad1 Nb6 23. Nef5 Rfe8 24. Nc6 Kf8 25. Rxe8+ Rxe8 26. Nxa5 Ra8 27. Nc6 Rxa2 28. Nxb4 Rxb2 29. Rd4 g6 1/2-1/2

[Event "HUN-chT2 Asztalos 1516"]
[Site "Hungary"]
[Date "2015.10.18"]
[Round "3.7"]
[White "Peregi, Zsolt"]
[Black "Szabo, Kristof"]
[Result "0-1"]
[WhiteElo "1928"]
[BlackElo "2081"]
[PlyCount "52"]
[EventDate "2015.09.13"]
[EventType "team-tourn"]
[EventRounds "11"]
[EventCountry "HUN"]
[SourceTitle "CBM 170 Extra"]
[Source "ChessBase"]
[SourceDate "2016.02.25"]
[SourceVersion "1"]
[SourceVersionDate "2016.02.25"]
[SourceQuality "1"]
[WhiteTeam "Szentlorinc"]
[BlackTeam "Fehervar"]
[WhiteTeamCountry "HUN"]
[BlackTeamCountry "HUN"]

1. e4 Nc6 2. Nf3 e5 3. Bb5 Nf6 4. 0-0 d6 5. d4 Bd7 6. d5 Ne7 7. Bd3 g6 8. Bg5 Bg7 9. h3 0-0 10. Qd2 h5 11. c4 Nh7 12. Bh6 f5 13. Nc3 f4 14. Bxg7 Kxg7 15. c5 g5 16. Nb5 Rf6 17. Qb4 g4 18. hxg4 hxg4 19. Nh4 Rh6 20. g3 Ng5 21. Rfc1 Nf3+ 22. Kf1 fxg3 23. Nxf3 gxf3 24. fxg3 Rh1+ 25. Kf2 Rh2+ 26. Ke3 Nxd5+ 0-1

[Event "HUN-chT2 Asztalos 0910"]
[Site "Hungary"]
[Date "2010.02.14"]
[Round "6"]
[White "Mihalecz, Attila"]
[Black "Peregi, Zsolt"]
[Result "1/2-1/2"]
[WhiteElo "2113"]
[BlackElo "2003"]
[PlyCount "66"]
[EventDate "2009.11.08"]
[EventType "team-tourn"]
[EventRounds "11"]
[EventCountry "HUN"]
[SourceTitle "EXT 2011"]
[Source "ChessBase"]
[SourceDate "2010.11.26"]
[SourceVersion "1"]
[SourceVersionDate "2010.11.26"]
[SourceQuality "1"]
[WhiteTeam "Nagyatad"]
[BlackTeam "Pannonpower II"]
[WhiteTeamCountry "HUN"]
[BlackTeamCountry "HUN"]

1. e4 c5 2. Nf3 Nc6 3. Bb5 g6 4. Nc3 Bg7 5. 0-0 a6 6. Bxc6 dxc6 7. h3 Nf6 8. d3 0-0 9. Be3 Qa5 10. Nd2 Nd7 11. Nb3 Qc7 12. Nxc5 Nxc5 13. Bxc5 b6 14. Be3 Bb7 15. Qd2 Rfe8 16. Bh6 Bd4 17. Be3 Bg7 18. f4 e6 19. Qf2 c5 20. e5 Rad8 21. Rad1 f6 22. d4 fxe5 23. dxc5 exf4 24. Bxf4 Qxc5 25. Qxc5 bxc5 26. Rxd8 Rxd8 27. Rd1 Rxd1+ 28. Nxd1 Bd5 29. Be3 c4 30. c3 Kf7 31. Bc5 Be4 32. Kf2 Bh6 33. Be3 Bg7 1/2-1/2

[Event "HUN-chT2 Asztalos 0910"]
[Site "Hungary"]
[Date "2009.12.06"]
[Round "3"]
[White "Peregi, Zsolt"]
[Black "Osztobanyi, Zoltan"]
[Result "0-1"]
[WhiteElo "2003"]
[BlackElo "2153"]
[PlyCount "130"]
[EventDate "2009.11.08"]
[EventType "team-tourn"]
[EventRounds "11"]
[EventCountry "HUN"]
[SourceTitle "EXT 2011"]
[Source "ChessBase"]
[SourceDate "2010.11.26"]
[SourceVersion "1"]
[SourceVersionDate "2010.11.26"]
[SourceQuality "1"]
[WhiteTeam "Pannonpower II"]
[BlackTeam "Dunaujvaros"]
[WhiteTeamCountry "HUN"]
[BlackTeamCountry "HUN"]

1. e4 c5 2. Nf3 d6 3. d4 cxd4 4. Nxd4 Nf6 5. Nc3 a6 6. Bg5 e6 7. f4 Be7 8. Qf3 Qc7 9. 0-0-0 Nbd7 10. Bd3 b5 11. Rhe1 Bb7 12. Nd5 exd5 13. Nf5 Kf8 14. Nxe7 dxe4 15. Bxe4 Nxe4 16. Rxe4 Nc5 17. Nd5 Bxd5 18. Rxd5 Nxe4 19. Qxe4 Re8 20. Qd3 Qa5 21. c3 Qxa2 22. Rxd6 Qa1+ 23. Kc2 Qa4+ 24. Kd2 f6 25. Rd7 Qe4 26. Qxe4 Rxe4 27. Bh4 g5 28. Bf2 Rxf4 29. Bc5+ Kg8 30. b4 h5 31. g3 Rf1 32. Rd6 Rh7 33. Rxa6 Rb7 34. Ke2 Rf5 35. Bd4 Kf7 36. Ke3 Re7+ 37. Kd3 Rf3+ 38. Kd2 Re6 39. Ra7+ Kg6 40. Rb7 Rf5 41. Bc5 Rd5+ 42. Kc2 Re2+ 43. Kb3 Rxh2 44. Rxb5 Rg2 45. Kc4 Rd8 46. Rb6 Rxg3 47. Bd4 Rc8+ 48. Kd5 Rd8+ 49. Ke4 Rg4+ 50. Ke3 Rgxd4 51. cxd4 h4 52. Rc6 Kf5 53. b5 h3 54. Rc5+ Ke6 55. Rc6+ Rd6 56. Rc2 f5 57. Rb2 Rb6 58. Kf3 Kd5 59. Kg3 g4 60. Rf2 Rf6 61. b6 Kc6 62. Rb2 Kb7 63. Rb5 Rh6 64. Rb1 h2 65. Rh1 Kxb6 0-1

[Event "HUN-chT2 Asztalos 0809"]
[Site "Hungary"]
[Date "2009.04.05"]
[Round "10"]
[White "Mihaljevic, Branko"]
[Black "Peregi, Zsolt"]
[Result "0-1"]
[WhiteElo "1963"]
[BlackElo "2032"]
[PlyCount "100"]
[EventDate "2008.10.26"]
[EventType "team-tourn"]
[EventRounds "11"]
[EventCountry "HUN"]
[SourceTitle "EXT 2010"]
[Source "ChessBase"]
[SourceDate "2010.11.25"]
[SourceVersion "1"]
[SourceVersionDate "2010.11.25"]
[SourceQuality "1"]
[WhiteTeam "Mohacs"]
[BlackTeam "Pannonpower II"]
[WhiteTeamCountry "HUN"]
[BlackTeamCountry "HUN"]

1. Nf3 d5 2. b4 Nf6 3. Bb2 e6 4. a3 Be7 5. e3 0-0 6. c4 a5 7. b5 Nbd7 8. d4 dxc4 9. Bxc4 a4 10. Nbd2 Nb6 11. Bd3 Bd7 12. Ne5 Be8 13. f4 Nfd5 14. Qe2 f6 15. Nef3 Bh5 16. 0-0 Qe8 17. Ne4 Bg6 18. Nh4 Bxe4 19. Bxe4 f5 20. Bxd5 exd5 21. Nf3 Ra5 22. Rfc1 Bd6 23. Ne5 Rxb5 24. Rc3 Bxe5 25. dxe5 Nc4 26. Bc1 Qd7 27. Qd3 Qe6 28. Ra2 c6 29. Rf2 Na5 30. Bd2 Nb3 31. Be1 Qe7 32. Rf3 Nc5 33. Qe2 Rb1 34. Rh3 Ne4 35. Rd3 Qc5 36. g3 Qc1 37. Kf1 Rb2 38. Rd1 Rxe2 39. Rxc1 Rxe3 40. Rb1 Rb3 41. Ra1 h6 42. Bb4 c5 43. Ba5 b6 44. Be1 d4 45. Ke2 Kf7 46. Rh4 Rd8 47. g4 d3+ 48. Kd1 d2 49. Bxd2 Rxd2+ 50. Kc1 Rf3 0-1

[Event "HUN-chT2 Asztalos 0809"]
[Site "Hungary"]
[Date "2009.02.08"]
[Round "7"]
[White "Miovecz, Balint"]
[Black "Peregi, Zsolt"]
[Result "0-1"]
[WhiteElo "1931"]
[BlackElo "2032"]
[PlyCount "52"]
[EventDate "2008.10.26"]
[EventType "team-tourn"]
[EventRounds "11"]
[EventCountry "HUN"]
[SourceTitle "EXT 2010"]
[Source "ChessBase"]
[SourceDate "2010.11.25"]
[SourceVersion "1"]
[SourceVersionDate "2010.11.25"]
[SourceQuality "1"]
[WhiteTeam "Szenna Pack II"]
[BlackTeam "Pannonpower II"]
[WhiteTeamCountry "HUN"]
[BlackTeamCountry "HUN"]

1. e4 c5 2. Nf3 Nc6 3. c3 Nf6 4. e5 Nd5 5. d4 cxd4 6. cxd4 d6 7. Nc3 Nxc3 8. bxc3 dxe5 9. d5 e4 10. Ng5 Ne5 11. Qa4+ Bd7 12. Qxe4 Qc7 13. Bb2 h6 14. f4 Ng4 15. Nf3 Qb6 16. Qe2 a6 17. Nd4 g6 18. Ba3 0-0-0 19. Qc4+ Kb8 20. h3 Ne3 21. Qe2 Nxd5 22. Qe5+ Qc7 23. Nc6+ Bxc6 24. Qxh8 Qxf4 25. Qd4 Qg3+ 26. Kd2 e5 0-1

[Event "HUN-chT2 Asztalos 0809"]
[Site "Hungary"]
[Date "2009.01.11"]
[Round "5"]
[White "Holczl, Attila"]
[Black "Peregi, Zsolt"]
[Result "1/2-1/2"]
[WhiteElo "1995"]
[BlackElo "2032"]
[PlyCount "29"]
[EventDate "2008.10.26"]
[EventType "team-tourn"]
[EventRounds "11"]
[EventCountry "HUN"]
[SourceTitle "EXT 2010"]
[Source "ChessBase"]
[SourceDate "2010.11.25"]
[SourceVersion "1"]
[SourceVersionDate "2010.11.25"]
[SourceQuality "1"]
[WhiteTeam "Dombovar"]
[BlackTeam "Pannonpower II"]
[WhiteTeamCountry "HUN"]
[BlackTeamCountry "HUN"]

1. d4 d5 2. Nf3 Nf6 3. Bf4 e6 4. e3 Be7 5. Bd3 0-0 6. Nbd2 c5 7. c3 Nc6 8. Ne5 Nxe5 9. Bxe5 Bd6 10. Bg3 Re8 11. f4 Bd7 12. Qf3 Rc8 13. Bh4 cxd4 14. exd4 Be7 15. 0-0 1/2-1/2

[Event "HUN-chT2 Asztalos 0708"]
[Site "Hungary"]
[Date "2008.03.02"]
[Round "7"]
[White "Weisz, Tamas"]
[Black "Peregi, Zsolt"]
[Result "0-1"]
[WhiteElo "1931"]
[BlackElo "2065"]
[PlyCount "52"]
[EventDate "2007.10.14"]
[EventType "team"]
[EventRounds "11"]
[EventCountry "HUN"]
[SourceTitle "EXT 2009"]
[Source "ChessBase"]
[SourceDate "2008.11.26"]
[SourceVersion "1"]
[SourceVersionDate "2008.11.26"]
[SourceQuality "1"]
[WhiteTeam "Szenna Pack II"]
[BlackTeam "Pannonpower II"]
[WhiteTeamCountry "HUN"]
[BlackTeamCountry "HUN"]

1. d4 Nf6 2. c4 g6 3. Nc3 d5 4. Nf3 Bg7 5. e3 0-0 6. Be2 c5 7. 0-0 cxd4 8. Nxd4 Nc6 9. cxd5 Nxd5 10. Nxc6 bxc6 11. Bd2 Rb8 12. Qc2 Nb4 13. Qc1 Nd3 14. Bxd3 Qxd3 15. Rb1 Bf5 16. Rd1 Bxc3 17. Bxc3 Qxb1 18. Qxb1 Bxb1 19. Rxb1 Rfd8 20. g3 c5 21. Kg2 Rd3 22. Rc1 f6 23. Kf1 Kf7 24. Ke2 Rd7 25. a3 e5 26. Ba5 Rxb2+ 0-1

[Event "HUN-chT2 Asztalos 0607"]
[Site "Hungary"]
[Date "2007.05.06"]
[Round "10"]
[White "Peregi, Zsolt"]
[Black "Pais, Nimrod"]
[Result "1-0"]
[WhiteElo "2079"]
[BlackElo "2153"]
[PlyCount "49"]
[EventDate "2006.11.12"]
[EventType "team"]
[EventRounds "11"]
[EventCountry "HUN"]
[SourceTitle "EXT 2008"]
[Source "ChessBase"]
[SourceDate "2007.11.25"]
[SourceVersion "1"]
[SourceVersionDate "2007.11.25"]
[SourceQuality "1"]
[WhiteTeam "Pannonpower II"]
[BlackTeam "Varga Mafry"]
[WhiteTeamCountry "HUN"]
[BlackTeamCountry "HUN"]

1. e4 c5 2. Nf3 d6 3. d4 cxd4 4. Nxd4 Nf6 5. Nc3 a6 6. Bg5 e6 7. f4 Be7 8. Qf3 Qc7 9. 0-0-0 Nc6 10. Nxc6 Qxc6 11. Qg3 h6 12. Bxf6 Bxf6 13. e5 dxe5 14. fxe5 Bg5+ 15. Kb1 0-0 16. Bd3 Rb8 17. Ne4 Be7 18. Nf6+ Kh8 19. Rhf1 Qb6 20. Ne8 Rg8 21. Be4 Rxe8 22. Rxf7 Bg5 23. Qf3 Kg8 24. Bg6 Qe3 25. Rxg7+ 1-0

[Event "HUN-chT2 Asztalos 0607"]
[Site "Hungary"]
[Date "2007.02.18"]
[Round "5"]
[White "Kalanyos, Ferenc"]
[Black "Peregi, Zsolt"]
[Result "1-0"]
[WhiteElo "2001"]
[BlackElo "2079"]
[PlyCount "131"]
[EventDate "2006.11.12"]
[EventType "team"]
[EventRounds "11"]
[EventCountry "HUN"]
[SourceTitle "EXT 2008"]
[Source "ChessBase"]
[SourceDate "2007.11.25"]
[SourceVersion "1"]
[SourceVersionDate "2007.11.25"]
[SourceQuality "1"]
[WhiteTeam "Koppany"]
[BlackTeam "Pannonpower II"]
[WhiteTeamCountry "HUN"]
[BlackTeamCountry "HUN"]

1. b4 d5 2. Bb2 Qd6 3. a3 Bf5 4. e3 e5 5. c4 Nf6 6. Nc3 dxc4 7. Bxc4 c6 8. Qb3 Bg6 9. Nf3 Nbd7 10. d4 exd4 11. Nxd4 Be7 12. Rd1 Qc7 13. Nf3 0-0 14. 0-0 a5 15. b5 Nc5 16. Qa2 a4 17. Ne2 cxb5 18. Bxb5 Bc2 19. Be5 Qb6 20. Qxc2 Qxb5 21. Ned4 Qa5 22. Nf5 Bd8 23. Bd6 Nce4 24. Bxf8 Kxf8 25. Nd6 Nxd6 26. Rxd6 Be7 27. Rd3 Ne4 28. Rd7 Nf6 29. Rd3 b5 30. Nd4 Qb6 31. Rb1 b4 32. axb4 Bxb4 33. Qc6 Qxc6 34. Nxc6 Bc5 35. Rc3 Bd6 36. Rd1 a3 37. Rc2 g6 38. Ra2 Ne4 39. Rd3 Rc8 40. f3 Rxc6 41. fxe4 Be7 42. Kf2 Rf6+ 43. Ke2 Re6 44. Rd4 Bf6 45. Kd3 Bxd4 46. exd4 Ra6 47. e5 Ra4 48. Ke4 Ke7 49. Kd5 Kd7 50. Kc5 Ra8 51. d5 Ra5+ 52. Kc4 h5 53. g3 Ra4+ 54. Kb5 Re4 55. Rxa3 Rxe5 56. Kc5 Re7 57. Ra7+ Kd8 58. Rxe7 Kxe7 59. Kc6 Kd8 60. Kd6 g5 61. h3 f5 62. Ke5 f4 63. gxf4 g4 64. hxg4 hxg4 65. Ke4 Ke7 66. f5 1-0

[Event "Harkany Tenkes Cup 28th"]
[Site "Harkany"]
[Date "2004.12.03"]
[Round "9"]
[White "Peregi, Zsolt"]
[Black "Lenart, Endre"]
[Result "1-0"]
[WhiteElo "2080"]
[BlackElo "2189"]
[PlyCount "81"]
[EventDate "2004.11.25"]
[EventType "swiss"]
[EventRounds "9"]
[EventCountry "HUN"]
[SourceTitle "EXT 2008"]
[Source "ChessBase"]
[SourceDate "2007.11.25"]
[SourceVersion "1"]
[SourceVersionDate "2007.11.25"]
[SourceQuality "1"]

1. e4 d5 2. exd5 Nf6 3. Nc3 g6 4. Bc4 Bg7 5. Nf3 Nbd7 6. 0-0 0-0 7. d3 Nb6 8. Bb3 Nfxd5 9. Nxd5 Nxd5 10. h3 a5 11. a4 c6 12. Re1 h6 13. c3 Qd6 14. d4 b6 15. Ne5 b5 16. Qf3 Be6 17. axb5 cxb5 18. Qe2 Nxc3 19. bxc3 Bxb3 20. Qxb5 Rfb8 21. Qd3 Rb7 22. Ba3 Qd5 23. c4 Qe6 24. Rab1 Rab8 25. d5 Qf5 26. Qxf5 gxf5 27. Nc6 Ba2 28. Rxb7 Rxb7 29. Nxe7+ Kh7 30. c5 Rb3 31. Bc1 Rd3 32. c6 Bxd5 33. Nxd5 Rxd5 34. c7 Rc5 35. Bf4 a4 36. Rc1 Bc3 37. Be5 a3 38. Rxc3 Rxe5 39. c8Q Re1+ 40. Kh2 a2 41. Qxf5+ 1-0

[Event "Harkany Tenkes Cup 28th"]
[Site "Harkany"]
[Date "2004.12.01"]
[Round "7"]
[White "Frank, Jozsef1111"]
[Black "Peregi, Zsolt"]
[Result "1/2-1/2"]
[WhiteElo "2014"]
[BlackElo "2080"]
[PlyCount "43"]
[EventDate "2004.11.25"]
[EventType "swiss"]
[EventRounds "9"]
[EventCountry "HUN"]
[SourceTitle "EXT 2008"]
[Source "ChessBase"]
[SourceDate "2007.11.25"]
[SourceVersion "1"]
[SourceVersionDate "2007.11.25"]
[SourceQuality "1"]

1. d4 Nf6 2. Nf3 d5 3. g3 g6 4. Bg2 Bg7 5. 0-0 0-0 6. c3 Bf5 7. Bg5 Ne4 8. Nbd2 Nxg5 9. Nxg5 e5 10. Ngf3 e4 11. Ne1 c5 12. dxc5 Nd7 13. Nb3 Be6 14. Nc2 Rc8 15. Ncd4 Nxc5 16. Nxc5 Rxc5 17. Nxe6 fxe6 18. e3 Qb6 19. Qc2 Rb5 20. Rab1 Rc8 21. Rfd1 Rcc5 22. Qe2 1/2-1/2

[Event "Harkany Tenkes Cup 28th"]
[Site "Harkany"]
[Date "2004.11.27"]
[Round "3"]
[White "Varga, Csaba"]
[Black "Peregi, Zsolt"]
[Result "1-0"]
[WhiteElo "2251"]
[BlackElo "2080"]
[PlyCount "57"]
[EventDate "2004.11.25"]
[EventType "swiss"]
[EventRounds "9"]
[EventCountry "HUN"]
[SourceTitle "EXT 2008"]
[Source "ChessBase"]
[SourceDate "2007.11.25"]
[SourceVersion "1"]
[SourceVersionDate "2007.11.25"]
[SourceQuality "1"]

1. d4 Nf6 2. c4 g6 3. Nc3 d5 4. cxd5 Nxd5 5. e4 Nxc3 6. bxc3 Bg7 7. Nf3 c5 8. Rb1 0-0 9. Be2 cxd4 10. cxd4 Nc6 11. d5 Ne5 12. Nxe5 Bxe5 13. 0-0 e6 14. f4 Bc7 15. Bc4 exd5 16. Bxd5 Rb8 17. Ba3 Re8 18. Qf3 Be6 19. Bxe6 Qd4+ 20. Kh1 Rxe6 21. Bb2 Qd2 22. f5 gxf5 23. exf5 Qh6 24. g3 Ra6 25. Rfc1 Bd6 26. Qg4+ Kf8 27. f6 Rc6 28. Rxc6 bxc6 29. Qd4 1-0

[Event "HUN-chT2 Asztalos 0405"]
[Site "Hungary"]
[Date "2004.09.26"]
[Round "1"]
[White "Hujber, Gyula"]
[Black "Peregi, Zsolt"]
[Result "1-0"]
[WhiteElo "2113"]
[BlackElo "2104"]
[PlyCount "80"]
[EventDate "2004.09.26"]
[EventType "team"]
[EventRounds "11"]
[EventCountry "HUN"]
[SourceTitle "EXT 2009"]
[Source "ChessBase"]
[SourceDate "2008.11.26"]
[SourceVersion "1"]
[SourceVersionDate "2008.11.26"]
[SourceQuality "1"]
[WhiteTeam "Kiraly Sakk"]
[BlackTeam "Pecs Karmin"]
[WhiteTeamCountry "HUN"]
[BlackTeamCountry "HUN"]

1. e4 d5 2. exd5 Nf6 3. d4 Nxd5 4. c4 Nb4 5. Be3 Bf5 6. Na3 Nd7 7. Nf3 e6 8. Be2 Be7 9. 0-0 0-0 10. Qd2 h6 11. Bf4 c6 12. h3 Nf6 13. Ne5 Ne4 14. Qe3 c5 15. Rad1 cxd4 16. Rxd4 Qa5 17. Qf3 Bc5 18. Rxe4 Bxe4 19. Qxe4 Rad8 20. Qxb7 Bd4 21. Qb5 Qxb5 22. Nxb5 Bxb2 23. Rb1 Bxe5 24. Bxe5 Rd2 25. Bd6 Rxe2 26. Rxb4 Rd8 27. c5 Rxa2 28. c6 Rc2 29. c7 Rxd6 30. Nxd6 Rxc7 31. Ra4 Rc6 32. Nb5 a6 33. Nd4 Rd6 34. Nb3 e5 35. Nc5 Kf8 36. Rxa6 Rd5 37. Ne4 Rd1+ 38. Kh2 Rd4 39. Ng3 Rd2 40. Nf5 Rxf2 1-0